000 00323nam a22001337a 4500
008 171009b xxu||||| |||| 00| 0 eng d
020 _a2900736064674
041 _aeng
080 _24TH
_a159.9
100 _a49
101 _aPSI
245 _aFOUNDATIONS OF SPORT AND EXERCISE PSYCHOLOGY
_cWEINBERG,R.S
942 _2udc
_cBK
999 _c32718
_d32718